Catálogo

PARA COMPRENDER LA PSICOLOGIA (Registro nro. 7772)

Detalles MARC
000 -LEADER
fixed length control field 00419nam a2200169 a 4500
001 - CONTROL NUMBER
control field 7772
005 - DATE AND TIME OF LATEST TRANSACTION
control field 20180713191655.0
008 - FIXED-LENGTH DATA ELEMENTS--GENERAL INFORMATION
fixed length control field 140415s1992 sp 000 0 spa d
041 ## - LANGUAGE CODE
Language code of text/sound track or separate title spa
082 ## - DEWEY DECIMAL CLASSIFICATION NUMBER
Classification number 150
Item number BEL
100 1# - MAIN ENTRY--PERSONAL NAME
Personal name BELTRAN LLERA, JESUS
245 10 - TITLE STATEMENT
Title PARA COMPRENDER LA PSICOLOGIA
250 ## - EDITION STATEMENT
Edition statement 3a ed.
260 ## - PUBLICATION, DISTRIBUTION, ETC.
Place of publication, distribution, etc. ESPAÑA :
Name of publisher, distributor, etc. VERBO DIVINO,
Date of publication, distribution, etc. 1992
300 ## - PHYSICAL DESCRIPTION
Extent 384
650 14 - SUBJECT ADDED ENTRY--TOPICAL TERM
Topical term or geographic name entry element PSICOLOGIA
Existencias
Withdrawn status Lost status Source of classification or shelving scheme Damaged status Not for loan Collection code Home library Current library Shelving location Date acquired Source of acquisition Inventory number Total Checkouts Full call number Barcode Date last seen Date last checked out Price effective from Koha item type
    Dewey Decimal Classification     General Biblioteca Karol Wojtyla Biblioteca Karol Wojtyla Sala general 03/12/2013 Compra 151000000000000000061143   150 BEL 20937 05/01/2026 29/10/2014 03/12/2013 Libro